Technológia automatizovaného spracovania dát pomocou dBASE III PLUS

Enregistré dans:
Détails bibliographiques
Auteur principal: Marček, Dušan
Collectivité auteur: Vysoká škola ekonomická v Bratislave. Fakulta riadenia
Format: Livre
Langue:slovaque
Publié: Bratislava Vysoká škola ekonomická 1991
Édition:1. vyd.
Tags: Ajouter un tag
Pas de tags, Soyez le premier à ajouter un tag!

MARC

LEADER 00000nam a2200000 4500
001 c024052
005 20221214095027.5
041 0 |a slo 
044 |a SK 
245 1 0 |a Technológia automatizovaného spracovania dát pomocou dBASE III PLUS  |c Dušan Marček 
250 |a 1. vyd. 
264 1 |a Bratislava  |b Vysoká škola ekonomická  |c 1991 
300 |a 136 s. 
100 1 |a Marček, Dušan 
710 2 |a Vysoká škola ekonomická v Bratislave. Fakulta riadenia